000 00854nam a2200277 a 4500
001 000041131
003 DO-SdBNP
005 20170929112400.0
007 000041131
008 130919s2011 dr 000 0 spa d
020 _a9945111507
040 _aBPMSU
_bspa
_cBPMSU
082 4 _aRD863.44
_bM647v, 2011
100 1 _aMiller, Jeannette,
_d1944-
245 1 3 _aLa vida es otra cosa /
_cJeanntte Miller.
250 _a5a. ed.
260 _aSanto Domingo :
_bAlfaguara,
_c2011
300 _a238 p. ;
_c24 cm.
500 _aIncluye datos biográficos del autor en la solapa.
586 _aFinalista Premio Internacional de Novela Casa de Teatro 2005
650 _aNOVELA DOMINICANA
650 _aLITERATURA DOMINICANA
942 _2ddc
_cBK
945 _aTítulo remanejado para BNPHU / 2017 VM
956 _aVMATEO
_b10
_c20150508
_lBPMSU
_h00151
999 _c7932
_d7932